Европа без России. Договор, учреждающий Конституцию для Европы от 20 октября 2004 года: пер. с англ.

Bibliographische Detailangaben
Weitere Verfasser: Дубицкая О. (переводчик)
Sprache:Russisch
Veröffentlicht: Москва, Европа, 2005
Schriftenreihe:Мировой порядок
Schlagworte:
Format: Buch
KOHA link:https://koha.lib.tpu.ru/cgi-bin/koha/opac-detail.pl?biblionumber=70377

MARC

LEADER 00000nam0a2200000 4500
001 70377
005 20231101212516.0
010 |a 5973900312 
035 |a (RuTPU)RU\TPU\book\74939 
090 |a 70377 
100 |a 20041122d2005 k y0rusy50 ca 
101 1 |a rus  |c eng 
102 |a RU 
105 |a y s 000zy 
200 1 |a Европа без России. Договор, учреждающий Конституцию для Европы от 20 октября 2004 года  |e пер. с англ.  |f пер. О. Дубицкой 
210 |a Москва  |c Европа  |d 2005 
215 |a 576 с. 
225 1 |a Мировой порядок 
606 1 |a Международные отношения  |y Европа  |2 stltpush  |3 (RuTPU)RU\TPU\subj\73119  |9 86320 
610 1 |a политика 
610 1 |a внешняя политика 
610 1 |a международные отношения 
610 1 |a Европа 
610 1 |a право 
610 1 |a Европейский Союз 
610 1 |a Конституция 
610 1 |a международные договоры 
610 1 |a международные организации 
610 1 |a хартия 
686 |a Ф4(4)  |v LBC/SL-A  |2 rubbk 
686 |a Х81  |v LBC/SL-A  |2 rubbk 
702 1 |a Дубицкая  |b О.  |4 730 
801 1 |a RU  |b 63413507  |c 20041122  |g PSBO 
801 2 |a RU  |b 63413507  |c 20140327  |g PSBO 
900 |a Современные международные отношения 
942 |c BK 
959 |a 18/20060226  |d 1  |e 301,51  |f ЧЗГЛ:1